| 000 | 00000nam 2200000za 4500 |
| 001 | 9.856073 |
| 003 | CaOODSP |
| 005 | 20221107155444 |
| 007 | cr ||||||||||| |
| 008 | 180502s1984 onc #o f|0| 0 fre d |
| 020 | |z0-660-52809-6 |
| 040 | |aCaOODSP|bfre |
| 043 | |an-cn--- |
| 086 | 1 |aCS83-603/1984F-PDF |
| 245 | 00|aSystème canadien de mesure du travail - inhalothérapie/fonction pulmonaire |h[ressource électronique]. |
| 250 | |a1985/86 éd. |
| 260 | |aOttawa : |bStatistique Canada, |c1984. |
| 300 | |a32 p. |
| 500 | |aPubl. aussi en anglais sous le titre : Canadian Workload Measurement System - repiratory technology/pulmonary function. |
| 500 | |aÉdition numérisée de l'imprimé [par Statistique Canada]. |
| 520 | |a« Ce système de mesure du travail offre un moyen scientifique d'enregistrer les épreuves et activités thérapeutiques exécutées dans un service d'inhalothérapie/fonction pulmonaire et de mesurer les activités techniques et auxiliaires en unités normalisées de temps de travail du personnel »--p. 6. |
| 692 | 07|2gccst|aConditions de travail |
| 692 | 07|2gccst|aÉtablissement de santé |
| 692 | 07|2gccst|aThérapie |
| 710 | 1 |aCanada. |bStatistique Canada. |bDivision de la santé. |
| 775 | 08|tCanadian Workload Measurement System - respiratory technology/pulmonary function|w(CaOODSP)9.856070 |
| 856 | 40|qPDF|s1.39 Mo|uhttps://publications.gc.ca/collections/collection_2018/statcan/CS83-603-1984-fra.pdf |
| 986 | |a83-603F |